EDUCAR EN LA ACCION PARA APRENDER A EMPRENDER (Registro nro. 59421)
[ vista simple ]
| 000 -LEADER | |
|---|---|
| fixed length control field | 00971nam a2200205 a 4500 |
| 001 - CONTROL NUMBER | |
| control field | 59421 |
| 005 - DATE AND TIME OF LATEST TRANSACTION | |
| control field | 20180714060352.0 |
| 008 - FIXED-LENGTH DATA ELEMENTS--GENERAL INFORMATION | |
| fixed length control field | 140415s2007 ag 000 0 spa d |
| 020 ## - INTERNATIONAL STANDARD BOOK NUMBER | |
| International Standard Book Number | 9789875381889 |
| 041 ## - LANGUAGE CODE | |
| Language code of text/sound track or separate title | spa |
| 082 ## - DEWEY DECIMAL CLASSIFICATION NUMBER | |
| Classification number | 373.28 |
| Item number | FER |
| 100 1# - MAIN ENTRY--PERSONAL NAME | |
| Personal name | ADEMAR FERREYRA, HORACIO |
| 245 10 - TITLE STATEMENT | |
| Title | EDUCAR EN LA ACCION PARA APRENDER A EMPRENDER |
| 250 ## - EDITION STATEMENT | |
| Edition statement | 1a ed. |
| 260 ## - PUBLICATION, DISTRIBUTION, ETC. | |
| Place of publication, distribution, etc. | ARGENTINA : |
| Name of publisher, distributor, etc. | NOVEDADES EDUCATIVAS, |
| Date of publication, distribution, etc. | 2007 |
| 300 ## - PHYSICAL DESCRIPTION | |
| Extent | |
| Dimensions | 15.5 x 1 x 22.5 |
| 520 ## - SUMMARY, ETC. | |
| Summary, etc. | LA SOCIEDAD SE DEBATE ENTRE LA INCLUSION Y LA EXCLUSION SOCIAL , PONIENDO EN EVIDENCIA LO QUE LAS PERSONAS DEBERIAN LEGITIMAMENTE POSEER Y NO POSEEN , COMO ASI TAMBIEN LO QUE ESAS PERSONAS PODRIAN SER Y NO ALCANZAN A LOGRAR. POR ELLO, ES NECESARIO REFLEXIONAR SOBRE LA NECESIDAD DE RESCATAR , REVISAR Y RECUPERAR EL PAPEL DE LAS INSTITUCIONES Y SUS PRACTICAS. |
| 650 14 - SUBJECT ADDED ENTRY--TOPICAL TERM | |
| Topical term or geographic name entry element | EDUCACION COOPERATIVA |
| General subdivision | COOPERATIVISMO |
| 700 1# - ADDED ENTRY--PERSONAL NAME | |
| Personal name | GALLO, GRISELDA MARIA -ZECHINI, ARIEL ALFREDO |
| Relator term | coaut. |
| Withdrawn status | Lost status | Source of classification or shelving scheme | Damaged status | Not for loan | Collection code | Home library | Current library | Shelving location | Date acquired | Source of acquisition | Inventory number | Total Checkouts | Full call number | Barcode | Date last seen | Date last checked out | Price effective from | Koha item type |
|---|---|---|---|---|---|---|---|---|---|---|---|---|---|---|---|---|---|---|
| Dewey Decimal Classification | General | Biblioteca Karol Wojtyla | Biblioteca Karol Wojtyla | Sala general | 03/12/2013 | Compra | 151000000000000000041013 | 373.28 FER | 89779 | 05/01/2026 | 07/04/2017 | 03/12/2013 | Libro |